Novissimo digesto italiano
Spremljeno u:
| Glavni autori: | , |
|---|---|
| Format: | Knjiga |
| Jezik: | esperanto |
| Izdano: |
Turín
Vnione Tipografico - Editrice Torinese
1957
|
| Izdanje: | 1a. ed |
| Teme: | |
| Oznake: |
Dodaj oznaku
Bez oznaka, Budi prvi tko označuje ovaj zapis!
|
MARC
| LEADER | 00000cam a2200000 a 4500 | ||
|---|---|---|---|
| 001 | UCC1223 | ||
| 003 | CL-VaPUC | ||
| 008 | 171006e19570000it |||||||||||||||||epo|d | ||
| 082 | 0 | 4 | |a 349.45 |b AZA |2 21 |
| 100 | 0 | |a Azara, Antonio |e author |9 595268 | |
| 700 | 0 | |a Eula, Ernesto |e author |9 595269 | |
| 245 | 1 | 0 | |a Novissimo digesto italiano |
| 250 | |a 1a. ed | ||
| 300 | |a v | ||
| 942 | |c BK | ||
| 945 | |d 20171006 11:09:00 |a arojas | ||
| 260 | |a Turín |b Vnione Tipografico - Editrice Torinese |c 1957 | ||
| 500 | |a v.1 t.1: A - AP | ||
| 500 | |a v.1 t.2: AQ - AY | ||
| 500 | |a v.2: AZ - CAS | ||
| 500 | |a v.3: CAT - COND | ||
| 500 | |a v.4: CONF - CRE | ||
| 500 | |a v.5: CRI -DIS | ||
| 500 | |a v.6: DIT - FALL | ||
| 500 | |a v.7: FALS - GO | ||
| 500 | |a v.8: GR - INVA | ||
| 500 | |a v.9: INVE - L | ||
| 500 | |a v.10: MA - MU | ||
| 500 | |a v.11: N - ORA | ||
| 500 | |a v.12: ORD - PES | ||
| 500 | |a v.13: PET - PROC | ||
| 500 | |a v.14: PROD - REF | ||
| 500 | |a v.15: REG - RIP | ||
| 500 | |a v.16: RIS - SEN | ||
| 500 | |a v.17: SEP - SPE | ||
| 500 | |a v.18: SPI - TEN | ||
| 500 | |a v.19: TEO - UL | ||
| 500 | |a v.20: UN - Z | ||
| 650 | 0 | |a Derecho italiano |9 385337 | |
| 650 | 0 | |a Enciclopedias |9 264135 | |
| 650 | 0 | |a Derecho romano |9 255930 | |
| 583 | |a last modification |c 20180423 09:08:09 |k Rodrigo Vera | ||
| 999 | |c 369788 |d 369786 | ||
| 952 | |0 0 |1 0 |3 erd |4 0 |6 349_450000000000000_AZA_1957 |7 0 |8 F |9 485885 |a BIBDER |b BIBDER |h v.1 t.1 |i 5427991 |o 349.45 AZA 1957 |p 5427991 |r 2023-01-25 |w 2019-11-24 |y BK_F |z Catalogado en:20171006 |k DER | ||
| 952 | |0 0 |1 0 |3 erd |4 0 |6 349_450000000000000_AZA_1957 |7 0 |8 F |9 485886 |a BIBDER |b BIBDER |h v.1 t.2 |i 5428009 |o 349.45 AZA 1957 |p 5428009 |r 2023-01-25 |w 2019-11-24 |y BK_F |z Catalogado en:20171006 |k DER | ||
| 952 | |0 0 |1 0 |3 erd |4 0 |6 349_450000000000000_AZA_1957 |7 0 |8 F |9 485887 |a BIBDER |b BIBDER |h v.3 |i 5428017 |o 349.45 AZA 1957 |p 5428017 |r 2023-01-25 |w 2019-11-24 |y BK_F |z Catalogado en:20171006 |k DER | ||
| 952 | |0 0 |1 0 |3 erd |4 0 |6 349_450000000000000_AZA_1957 |7 0 |8 F |9 485888 |a BIBDER |b BIBDER |h v.4 |i 5428025 |o 349.45 AZA 1957 |p 5428025 |r 2023-01-25 |w 2019-11-24 |y BK_F |z Catalogado en:20171006 |k DER | ||
| 952 | |0 0 |1 0 |3 erd |4 0 |6 349_450000000000000_AZA_1957 |7 0 |8 F |9 485889 |a BIBDER |b BIBDER |h v.9 |i 5428033 |o 349.45 AZA 1957 |p 5428033 |r 2023-01-25 |w 2019-11-24 |y BK_F |z Catalogado en:20171006 |k DER | ||
| 952 | |0 0 |1 0 |3 erd |4 0 |6 349_450000000000000_AZA_1957 |7 0 |8 F |9 485890 |a BIBDER |b BIBDER |h v.14 |i 5428041 |o 349.45 AZA 1957 |p 5428041 |r 2023-01-25 |w 2019-11-24 |y BK_F |z Catalogado en:20171006 |k DER | ||
| 952 | |0 0 |1 0 |3 erd |4 0 |6 349_450000000000000_AZA_1957 |7 0 |8 F |9 485891 |a BIBDER |b BIBDER |h v.15 |i 542805K |o 349.45 AZA 1957 |p 542805K |r 2023-01-25 |w 2019-11-24 |y BK_F |z Catalogado en:20171006 |k DER | ||
| 952 | |0 0 |1 0 |3 erd |4 0 |6 349_450000000000000_AZA_1957 |7 0 |8 F |9 485892 |a BIBDER |b BIBDER |h v.19 |i 5428068 |o 349.45 AZA 1957 |p 5428068 |r 2023-01-25 |w 2019-11-24 |y BK_F |z Catalogado en:20171006 |k DER | ||
| 952 | |0 0 |1 0 |3 erd |4 0 |6 349_450000000000000_AZA_1957 |7 0 |8 F |9 485893 |a BIBDER |b BIBDER |h v.20 |i 5428076 |o 349.45 AZA 1957 |p 5428076 |r 2023-01-25 |w 2019-11-24 |y BK_F |z Catalogado en:20171006 |k DER | ||
| 952 | |0 0 |1 0 |3 erd |4 0 |6 349_450000000000000_AZA_1957 |7 0 |8 DER_ROM |9 485894 |a BIBDER |b BIBDER |h v.2 |i 5435439 |l 1 |o 349.45 AZA 1957 |p 5435439 |r 2023-01-25 |s 2020-03-16 |w 2019-11-24 |x Ubicación 4to piso |y BK_F |z Este recurso debe solicitarse con anticipación |k DER | ||
| 952 | |0 0 |1 0 |3 erd |4 0 |6 349_450000000000000_AZA_1957 |7 0 |8 DER_ROM |9 485895 |a BIBDER |b BIBDER |h v.8 |i 5435471 |l 1 |o 349.45 AZA 1957 |p 5435471 |r 2023-01-25 |s 2020-03-16 |w 2019-11-24 |x Ubicación 4to piso |y BK_F |z Este recurso debe solicitarse con anticipación |k DER | ||
| 952 | |0 0 |1 0 |3 erd |4 0 |6 349_450000000000000_AZA_1957 |7 0 |8 DER_ROM |9 485896 |a BIBDER |b BIBDER |h v.5 |i 5435447 |l 1 |o 349.45 AZA 1957 |p 5435447 |r 2023-01-25 |s 2020-03-16 |w 2019-11-24 |x Ubicación 4to piso |y BK_F |z Este recurso debe solicitarse con anticipación |k DER | ||
| 952 | |0 0 |1 0 |3 erd |4 0 |6 349_450000000000000_AZA_1957 |7 0 |8 DER_ROM |9 485897 |a BIBDER |b BIBDER |h v.6 |i 5435455 |l 1 |o 349.45 AZA 1957 |p 5435455 |r 2023-01-25 |s 2020-03-16 |w 2019-11-24 |x Ubicación 4to piso |y BK_F |z Este recurso debe solicitarse con anticipación |k DER | ||
| 952 | |0 0 |1 0 |3 erd |4 0 |6 349_450000000000000_AZA_1957 |7 0 |8 DER_ROM |9 485898 |a BIBDER |b BIBDER |h v.7 |i 5435463 |l 1 |o 349.45 AZA 1957 |p 5435463 |r 2020-03-23 |s 2020-03-16 |w 2019-11-24 |x Ubicación 4to piso |y BK_F |z Este recurso debe solicitarse con anticipación |k DER | ||
| 952 | |0 0 |1 0 |3 erd |4 0 |6 349_450000000000000_AZA_1957 |7 0 |8 DER_ROM |9 485899 |a BIBDER |b BIBDER |h v.10 |i 543548K |l 1 |o 349.45 AZA 1957 |p 543548K |r 2023-01-25 |s 2020-03-16 |w 2019-11-24 |x Ubicación 4to piso |y BK_F |z Este recurso debe solicitarse con anticipación |k DER | ||
| 952 | |0 0 |1 0 |3 erd |4 0 |6 349_450000000000000_AZA_1957 |7 0 |8 DER_ROM |9 485900 |a BIBDER |b BIBDER |h v.11 |i 5435498 |l 1 |o 349.45 AZA 1957 |p 5435498 |r 2023-01-25 |s 2020-03-16 |w 2019-11-24 |x Ubicación 4to piso |y BK_F |z Este recurso debe solicitarse con anticipación |k DER | ||
| 952 | |0 0 |1 0 |3 erd |4 0 |6 349_450000000000000_AZA_1957 |7 0 |8 DER_ROM |9 485901 |a BIBDER |b BIBDER |h v.12 |i 5435501 |l 1 |o 349.45 AZA 1957 |p 5435501 |r 2023-01-25 |s 2020-03-16 |w 2019-11-24 |x Ubicación 4to piso |y BK_F |z Este recurso debe solicitarse con anticipación |k DER | ||
| 952 | |0 0 |1 0 |3 erd |4 0 |6 349_450000000000000_AZA_1957 |7 0 |8 DER_ROM |9 485902 |a BIBDER |b BIBDER |h v.13 |i 543551K |l 1 |o 349.45 AZA 1957 |p 543551K |r 2023-01-25 |s 2020-03-16 |w 2019-11-24 |x Ubicación 4to piso |y BK_F |z Este recurso debe solicitarse con anticipación |k DER | ||
| 952 | |0 0 |1 0 |3 erd |4 0 |6 349_450000000000000_AZA_1957 |7 0 |8 DER_ROM |9 485903 |a BIBDER |b BIBDER |h v.16 |i 5435528 |l 1 |o 349.45 AZA 1957 |p 5435528 |r 2023-01-25 |s 2020-03-16 |w 2019-11-24 |x Ubicación 4to piso |y BK_F |z Este recurso debe solicitarse con anticipación |k DER | ||
| 952 | |0 0 |1 0 |3 erd |4 0 |6 349_450000000000000_AZA_1957 |7 0 |8 DER_ROM |9 485904 |a BIBDER |b BIBDER |h v.17 |i 5435536 |l 1 |o 349.45 AZA 1957 |p 5435536 |r 2023-01-25 |s 2020-03-16 |w 2019-11-24 |x Ubicación 4to piso |y BK_F |z Este recurso debe solicitarse con anticipación |k DER | ||
| 952 | |0 0 |1 0 |3 erd |4 0 |6 349_450000000000000_AZA_1957 |7 0 |8 DER_ROM |9 485905 |a BIBDER |b BIBDER |h v.18 |i 5435544 |l 1 |o 349.45 AZA 1957 |p 5435544 |r 2023-01-25 |s 2020-03-16 |w 2019-11-24 |x Ubicación 4to piso |y BK_F |z Este recurso debe solicitarse con anticipación |k DER | ||
| 952 | |0 0 |1 0 |3 erd |4 0 |6 349_450000000000000_AZA_1957 |7 0 |8 DER_ROM |9 485906 |a BIBDER |b BIBDER |h Ap. v.1 |i 5467616 |l 1 |o 349.45 AZA 1957 |p 5467616 |r 2023-01-25 |s 2020-03-16 |w 2019-11-24 |x Ubicación 4to piso |y BK_F |z Este recurso debe solicitarse con anticipación |k DER | ||
| 952 | |0 0 |1 0 |3 erd |4 0 |6 349_450000000000000_AZA_1957 |7 0 |8 DER_ROM |9 485907 |a BIBDER |b BIBDER |h Ap. v.2 |i 5467640 |l 1 |o 349.45 AZA 1957 |p 5467640 |r 2023-01-25 |s 2020-03-16 |w 2019-11-24 |x Ubicación 4to piso |y BK_F |z Este recurso debe solicitarse con anticipación |k DER | ||
| 952 | |0 0 |1 0 |3 erd |4 0 |6 349_450000000000000_AZA_1957 |7 0 |8 DER_ROM |9 485908 |a BIBDER |b BIBDER |h Ap. v.3 |i 5467586 |l 1 |o 349.45 AZA 1957 |p 5467586 |r 2023-01-25 |s 2020-03-16 |w 2019-11-24 |x Ubicación 4to piso |y BK_F |z Este recurso debe solicitarse con anticipación |k DER | ||
| 952 | |0 0 |1 0 |3 erd |4 0 |6 349_450000000000000_AZA_1957 |7 0 |8 DER_ROM |9 485909 |a BIBDER |b BIBDER |h Ap. v.4 |i 5467624 |l 1 |o 349.45 AZA 1957 |p 5467624 |r 2023-01-25 |s 2020-03-16 |w 2019-11-24 |x Ubicación 4to piso |y BK_F |z Este recurso debe solicitarse con anticipación |k DER | ||
| 952 | |0 0 |1 0 |3 erd |4 0 |6 349_450000000000000_AZA_1957 |7 0 |8 DER_ROM |9 485910 |a BIBDER |b BIBDER |h Ap. v.5 |i 5467608 |l 1 |o 349.45 AZA 1957 |p 5467608 |r 2023-01-25 |s 2020-03-16 |w 2019-11-24 |x Ubicación 4to piso |y BK_F |z Este recurso debe solicitarse con anticipación |k DER | ||
| 952 | |0 0 |1 0 |3 erd |4 0 |6 349_450000000000000_AZA_1957 |7 0 |8 DER_ROM |9 485911 |a BIBDER |b BIBDER |h Ap. v.6 |i 5467632 |l 1 |o 349.45 AZA 1957 |p 5467632 |r 2023-01-25 |s 2020-03-16 |w 2019-11-24 |x Ubicación 4to piso |y BK_F |z Este recurso debe solicitarse con anticipación |k DER | ||
| 952 | |0 0 |1 0 |3 erd |4 0 |6 349_450000000000000_AZA_1957 |7 0 |8 DER_ROM |9 485912 |a BIBDER |b BIBDER |h Ap. v.7 |i 5467594 |l 1 |o 349.45 AZA 1957 |p 5467594 |r 2023-01-25 |s 2020-03-16 |w 2019-11-24 |x Ubicación 4to piso |y BK_F |z Este recurso debe solicitarse con anticipación |k DER | ||